|
|
|
|
| LEADER |
00000nam0a2200000 4500 |
| 001 |
316404 |
| 005 |
20231102002855.0 |
| 020 |
|
|
|a RU
|b 82-68860
|
| 035 |
|
|
|a (RuTPU)RU\TPU\book\341842
|
| 090 |
|
|
|a 316404
|
| 100 |
|
|
|a 20160319d1982 km y0rusy5003 ca
|
| 101 |
0 |
|
|a rus
|
| 102 |
|
|
|a RU
|
| 105 |
|
|
|a a z 001zy
|
| 200 |
1 |
|
|a Магнитомодуляционные устройства позиционного контроля
|f И. Д. Беликов, Ю. А. Другов
|
| 210 |
|
|
|a Москва
|c Энергоиздат
|d 1982
|
| 215 |
|
|
|a 112 с.
|c ил.
|d 20 см
|
| 225 |
1 |
|
|a Библиотека по автоматике
|v Вып. 629
|
| 320 |
|
|
|a Библиогр.: с. 110-111
|
| 606 |
1 |
|
|a Автоматические устройства
|2 stltpush
|3 (RuTPU)RU\TPU\subj\909
|9 29715
|
| 610 |
1 |
|
|a позиционный контроль
|
| 610 |
1 |
|
|a магнитная модуляция
|
| 610 |
1 |
|
|a устройства
|
| 675 |
|
|
|a 681.52/.53
|z rus
|v 3
|
| 700 |
|
1 |
|a Беликов
|b И. Д.
|g Илья Дмитриевич
|4 070
|
| 701 |
|
1 |
|a Другов
|b Ю. А.
|g Юрий Александрович
|4 070
|
| 801 |
|
0 |
|a RU
|b RuMRKP
|c 19950704
|g psbo
|
| 801 |
|
1 |
|a RU
|b 63413507
|c 20160319
|
| 801 |
|
2 |
|a RU
|b 63413507
|c 20171201
|g RCR
|
| 942 |
|
|
|c BK
|